000 00214 a2200097 4500
001 13848
100 _aBirmingham A
245 _aThe Writers Craft
260 _aLondon
_bArthur Barker Ltd
_c
090 _c10824
_d10824
942 _aNUST-CAE
_cM
_c919
999 _c248921
_d248921